Estadísticas para Mapa de Asia Oriental

Haz click aquí para tomar la prueba!

Estadísticas generales

  • Esta prueba ha sido tomada 12.115 veces
    (7.357 desde el último reinicio)
  • La puntuación promedio es 19 de 23

Respuestas en el mapa

Las respuestas están codificadas por una escala verde-roja en el mapa de la prueba según el % correcto abajo.
Cargando...
 

Estadísticas de respuestas

Respuesta% Correcto
China
97%
India
96%
Corea del Norte
94%
Corea del Sur
94%
Mongolia
94%
Japón
93%
Indonesia
86%
Nepal
85%
Filipinas
84%
Sri Lanka
84%
Taiwán
82%
Vietnam
79%
Maldivas
78%
Bangladés
77%
Malasia
77%
Tailandia
77%
Camboya
76%
Bután
75%
Timor Oriental
75%
Laos
74%
Myanmar
72%
Singapur
71%
Brunéi
68%

Distribución de puntuación

Porcentaje por número respondido

Porcentaje de gente con cada puntuación

Historial de tus puntuaciones

No has tomado esta prueba desde el último reinicio